The general theory of employment, interest, and money / (Record no. 7145)

MARC details
000 -LEADER
fixed length control field 00661cam a22002411 4500
001 - CONTROL NUMBER
control field BD-DhSAU 7145
003 - CONTROL NUMBER IDENTIFIER
control field BD-DhSAU
005 - DATE AND TIME OF LATEST TRANSACTION
control field 20150517174758.0
008 - FIXED-LENGTH DATA ELEMENTS--GENERAL INFORMATION
fixed length control field 750514s1967 enka b 001 0 eng
040 ## - CATALOGING SOURCE
Original cataloging agency BD-DhSAU
082 ## - DEWEY DECIMAL CLASSIFICATION NUMBER
Edition number 22
Classification number 331.1
Item number KEG
100 1# - MAIN ENTRY--PERSONAL NAME
Personal name Keynes, John Maynard
Dates associated with a name 1883-1946.
245 14 - TITLE STATEMENT
Title The general theory of employment, interest, and money /
Statement of responsibility, etc. John Maynard Keynes
260 ## - PUBLICATION, DISTRIBUTION, ETC. (IMPRINT)
Place of publication, distribution, etc. London :
Name of publisher, distributor, etc. Macmillan ,
Date of publication, distribution, etc. c1967.
300 ## - PHYSICAL DESCRIPTION
Extent xii, 403 p. :
Dimensions 21 cm.
Other physical details ill. ;
490 0# - SERIES STATEMENT
Series statement A Harbinger book
504 ## - BIBLIOGRAPHY, ETC. NOTE
Bibliography, etc Includes index.
590 ## - Name of Cataloguer
Name of Cataloger Jerin
650 #0 - SUBJECT ADDED ENTRY--TOPICAL TERM
Topical term or geographic name as entry element Economics.
650 #0 - SUBJECT ADDED ENTRY--TOPICAL TERM
Topical term or geographic name as entry element Money.
650 #0 - SUBJECT ADDED ENTRY--TOPICAL TERM
Topical term or geographic name as entry element Interest.
942 ## - ADDED ENTRY ELEMENTS (KOHA)
Source of classification or shelving scheme Dewey Decimal Classification
Koha item type Book
Holdings
Withdrawn status Lost status Source of classification or shelving scheme Damaged status Not for loan Collection code Home library Branch Name Shelving location Date acquired Total Checkouts Full call number Barcode Date last seen Price effective from Koha item type
    Dewey Decimal Classification   Not For Loan Reference SAU Library SAU Library Reference 25/05/1979   331.1 KEG 3272 17/05/2015 17/05/2015 Book